02631nam a2200349 i 4500001001000000003000900010005001700019007000300036008004100039020001800080040003000098082002000128100004500148245012500193264008200318300002800400336002700428337003300455338002800488490005600516505092500572590002801497700004001525700004901565942001401614952012001628952011401748952011901862952013101981952015202112999001702264000048154DO-SdBNP20250813082723.0ta181203s2018 dr r 000 0 spa d a9789945610154 aDO-SdBNPbspacBNPHUerda 4axxxxbB716d2221 aBonnelly, Rafael F.,eautor4aut.97562110aDerecho constitucional /cRafael Feliberto Bonnelly Fondeur ; edición, Leonor Tejada ; corrección, Alejandra Muñoz 1aSanto Domingo :bTribunal Constitucional de la República Dominicana,c2018. a139 páginas ;c24 cm. atextobtxt2rdacontent asin mediaciónbn2rdamedia avolumenbnc2rdacarrier aColección Clásicos de Derecho Constitucionalv40 tPalabras del magistrado presidente Dr. Milton Ray Guevara --tDerecho constitucional. Clases de constituciones. La nación y sus elementos --tLos derechos individuales. Declaración Francesa de 1789. Derechos absolutos --tDerecho del trabajo; libertad de trabajo. Derecho de propiedad, expropiación, seguridad individual --tMunicipios y provincias --tForma de gobierno: Poder Ejecutivo y Poder Legislativo --tPoder Judicial --tLa soberanía nacional --tLa nacionalidad dominicana --tLa ciudadanía --tPoderes del Estado y sufragio --tServicios públicos y Ley de Gastos Públicos --tAnexos t1. Hoja de vida del Lic. Rafael Feliberto Bonnelly Fondeur, compilada por el Dr. Juan Sully Bonnelly Batlle --t2. Carta del Lic. Rafael Feliberto Bonnelly Fondeur, expresidente de la República al Dr. Joaquín Balaguer, presidente de la República, publicado en la prensa, el día 15 de octubre de 1971. aInventariado, 2019 / DG1 aTejada, Leonor,eeditor4ed.9733431 aMuñoz, Alejandra,ecorrector4corr.988489 2ddccLBS1 00102ddc56708DSaBNPHUbBNPHUcCTd2018-12-03l0o BNPHU DS B716dp48154-30r2020-06-25te. 3w2020-06-25yLBS1 00102ddc51708PDaBNPHUbBNPHUcCTd2018-12-03l0o BNPHU PD B716dp48154-10r2020-06-25w2020-06-25yLBS1 00102ddc51708PDaBNPHUbBNPHUcCTd2018-12-03l0oBNPHU PD B716dp48154-20r2020-06-25te. 2w2020-06-25yLBS1 00102ddc56708DSaBNPHUbBNPHUcCTd2020-12-07eDonado por ODECOPLINl0oBNPHU DS B716dr2020-12-07te. 4w2020-12-07yLBS1 00102ddc56708DSaBNPHUbBNPHUcCTd2025-08-13eDonado por Ferolina S. Peraltal0oBNPHU DS B716d p2025-8379r2025-08-13te.5w2025-08-13yLBS1 c47642d47642